Diaries of Field Marshal Mohammad Ayub Khan : 1966-1972 /

Bibliographic Details
Main Author: Ayub Khan, Mohammad, 1907-1974
Other Authors: Baxter, Craig
Format: Book
Language:English
Published: Dhaka : Oxford : University Press Limited ; Oxford University Press, 2007.
Subjects:
Classic Catalogue: View this record in Classic Catalogue
LEADER 01758nam a22003255a 4500
001 7242
003 BD-DhAAL
005 20260128113959.0
008 150630t2007 enkaf b 011 0aeng
010 |a  2007377885 
020 |a 9780195474428 
020 |a 9840517791 
040 |a DLC  |b eng  |c DLC  |d ANL  |d BD-DhAAL 
082 0 4 |a 954.9104092  |2 23 
100 1 |a Ayub Khan, Mohammad,  |d 1907-1974.  |9 12679 
245 1 0 |a Diaries of Field Marshal Mohammad Ayub Khan :  |b 1966-1972 /  |c edited and annotated by Craig Baxter. 
260 |a Dhaka :  |b University Press Limited ;  |a Oxford :  |b Oxford University Press,  |c 2007. 
300 |a 599, [50] p. of plates :  |b illustrations ;  |c 26 cm 
504 |a Includes bibliographical references (page [588]) and index. 
541 |a Donated by Akbar Ali Khan (41459)  |e 7242, 16449, 41459 
600 1 0 |a Ayub Khan, Mohammad,  |d 1907-1974.  |9 12680 
650 0 |a Presidents  |z Pakistan  |v Diaries.  |9 12681 
651 0 |a Pakistan  |x Politics and government.  |9 6552 
700 1 |a Baxter, Craig.  |9 12682 
852 |a Ayesha Abed Library  |c General Stacks 
942 |2 ddc  |c BK 
999 |c 34897  |d 34897 
952 |0 0  |1 0  |2 ddc  |4 0  |6 954_910409200000000_AYU  |7 0  |9 2954  |a BRACUL  |b BRACUL  |c GEN  |d 2009-08-31  |g 570.00  |l 1  |m 1  |o 954.9104092 AYU  |p 3010016449  |r 2013-08-04  |s 2013-07-21  |t 2  |v 1140.00  |w 2009-08-31  |y BK 
952 |0 0  |1 0  |2 ddc  |4 0  |6 954_910409200000000_AYU  |7 0  |9 54628  |a SCL  |b SCL  |c GEN  |d 2015-06-30  |g 1192.00  |l 2  |o 954.9104092 AYU  |p 3020007242  |r 2024-09-25  |s 2024-09-17  |t 1  |w 2015-06-30  |y BK 
952 |0 0  |1 0  |2 ddc  |4 0  |6 954_910409200000000_AYU  |7 1  |9 78030  |a BRACUL  |b BRACUL  |c AAKC  |d 2025-08-20  |e Donated by Akbar Ali Khan  |l 0  |o 954.9104092 AYU  |p 3010041459  |r 2025-08-20  |t 3  |w 2025-08-20  |y BK  |x Donated by Akbar Ali Khan ; Rs 795 ; Found this accessioned book in a old pile and catalogued it afterward.